Statistiken für Medias in Res Vok 10

Klicken Sie hier um das Quiz zu spielen!

Allgemein

  • Dieses Quiz wurde 604 mal gespielt
    (425 seit der letzten Aktualisierung)
  • Das Durchschnittsergebnis liegt bei 53 aus 61

Antwortstatistiken

AngabeÜbs / 2. Fall / GeschlechtAntwort% Korrekt
imperatorÜbsFeldherr, Kaiser
97%
pugnaÜbsKampf
94%
mareÜbsMeer
94%
navisÜbsSchiff
94%
urbsÜbsStadt
94%
genusm.
93%
portaÜbsTor, Tür
93%
genusf.
92%
genusn.
92%
honorÜbsEhre, Ansehen
91%
genusf.
91%
genusf
91%
genusf.
91%
genusf.
91%
timorÜbsFurcht, Angst
91%
patriaÜbsHeimat
91%
2. Fallhonoris
91%
2. Fallimperatoris
91%
genusm.
91%
genusm.
91%
2. Fallportae
91%
2. Fallpugnae
91%
parsÜbsTeil
91%
2. Falltimoris
91%
2. Fallurbis
91%
genusf.
90%
genusf.
90%
2. Fallmaris
90%
2. Fallnavis
90%
genusf.
89%
hostisÜbsFeind
89%
paxÜbsFriede
88%
genusm.
88%
2. Fallpacis
88%
2. Fallpartis
88%
2. Fallpatriae
88%
genusf.
87%
2. Fallhostis
87%
vincereÜbssiegen, besiegen
87%
copiae (Pl.)ÜbsTruppen
87%
1. P.vinco
87%
1. P.duco
86%
ducereÜbsführen
86%
virtusÜbsTugend, Tapferkeit
86%
2. Fallcopiarum
85%
2. Fallvirtutis
85%
1. P.audeo
83%
1. P.libero
83%
liberareÜbsbefreien (von)
82%
1. P.occido
82%
+ Fall im Lat. ?Abl. (6.)
80%
1. P.facio
79%
1. P.amitto
78%
occidereÜbstöten
78%
1. P.prohibeo
74%
audereÜbswagen
73%
ne...quidemÜbsnicht einmal...
69%
amittereÜbsverlieren
69%
summus/a/umÜbsder höchste
68%
facere (+ doppelter Akk)Übszu etwas machen
68%
prohibereÜbsabhalten, verhindern
62%

Verteilung der Resultate

Perzentil nach korrekt beantworteten Fragen

Anzahl Personen mit jedem Resultat

Ihre Resultats-Entwicklung

Sie haben dieses Quiz seit der letzten Aktualisierung nicht gespielt